000 00631nam a2200205Ia 4500
001 9303
003 GE_BSU
008 181216s||||||||xx |||||||||||||| ||und||
040 _cGE_BSU
080 _a821.353.1-32
100 _aლორთქიფანიძე,კონსტანტინე
245 _aრჩეული : მოთხრობები
245 _cრედ:რ.გვეტაძე
260 _aთბილისი.
260 _bფედერაცია.
260 _c1933
300 _a305გვ;20სმ.
653 _aრჩეული : მოთხრობები
942 _cBK
999 _c42600
_d42600